Регионална библиотека "Любен Каравелов" - Русе

Позовавания на Михаил Арнаудов (Запис номер 346160)

MARC детайли
000 -Лидер
Контролно поле с фиксирана дължина nam a22 4500
003 - Код на организацията, давaща контролен номер
Контролно поле BLK
005 - Дата и час на последна редакция
Контролно поле 20191024110650.0
008 - Елементи от данни с фиксирана дължина
fixed length control field 191024b bu ||||| |||| 00| 0 bu d
040 ## - Източник на каталожния запис
Идентификатор на билиотеката - собственик на записа BLK
041 ## - Код за език
Код за езика на текст/звукозапис или на отделно заглавие Български
Код за езика КДБФ Български
080 ## - УДК
Текстов определител УДК Български фолклорист, литературен историк, етнограф
УДК код - определител по УДК 929 Арнаудов, Михаил Петров
УДК - код + определител 929 Арнаудов, Михаил Петров
245 ## - Сведения за заглавието
Заглавие Позовавания на Михаил Арнаудов
Подзаглавни данни Статии от периодични издания
380 ## - Жанр
Жанр Общ отдел
490 ## - СЕРИИ (Колекции)
9 (RLIN) 396381
Име на серия Частна колекция - Академик Михаил Арнаудов
Бележки за серията Дарение - Основен фонд
505 ## - Форматирана забележка
Заглавие Статия от Н. Мавродинов България е в Европа. - в. Дъга, бр. 546, 26 юли 1946, с. 4.
-- Изрезка на статията от Стефан Коларов Библиотека "Бележити Българи". - в. Народна култура, 4 януари 1969, бр. 1 (624). Отметки в текста. Сведения за книгата на Михаил Арнаудов "Григор Пърличев".
-- Статия от Стефан Памуков "Ти трябва да живееш". Неизвестни писма на Кирил Христов и Невяна Палашева. - в. Народна култура, бр. 41, 13 окт. 1989. Сведения за книгата на Михаил Арнаудов за Кирил Христов.
-- Статия на Виолета Радева Пръстен от забрава изковаха комунистите за Кирил Христов. - в. Демокрация, бр. 181, 6 авг. 1993. Михаил Арнаудов за Кирил Христов.
-- Статия на Петко Петков Бог го избави от две смъртни присъди. - в. Про и анти, бр. 5, 3-9 февр. 2006 г. Съдържа изповедта на Михаил Арнаудов пред поп Страхил в Софийския централен затвор.
-- Статия на Николай Дончев Une nouvelle collection: "Le livre Bulgare". - в. La Parole Bulgare, бр. 795, 12 юни 1943.
852 ## - Местоположение
Форматна сигнатура МА 5036
999 ## - СИСТЕМНИ КОНТРОЛНИ НОМЕРА
Koha biblionumber 346160
Koha biblioitemnumber 346160
942 ## - АРТИКУЛИ
Източник на класификационната схема Universal Decimal Classification
Вид на библиотечния материал Книги
Скрит в OPAC Не
Периодичен библиозапис Да
Наличности
Код за отписване Код за изгубен артикул Източник на класификационната схема Код за повреда Код за отдаване Артикулен № Име на библиотеката - собственик Име на библиотеката, в която се намира в момента Статус (Текущо местоположение) Дата на вписване в системата Местоположение - отдел Цена в лева Систематично азбучна сигнатура Баркод Цена в евро Служебен тип на артикула
  Не е изгубен Universal Decimal Classification Не е повреден Специални фондове ( старопечатни, редки и ценни, фонд М. Арнаудов) 749511 Регионална библиотека "Любен Каравелов" Русе Регионална библиотека "Любен Каравелов" Русе Фонд "Михаил Арнаудов" 2019-11-20 Фонд "Михаил Арнаудов" 11.00 МА 5036 120000837265 5.62 Книги
Vip Innovations Ltd, Rousse, Bulgaria 2025